Understanding business /

מידע ביבליוגרפי
מחבר ראשי: Nickels, William G.
מחברים אחרים: McHugh, James M., McHugh, Susan M.
פורמט: ספר
שפה:English
יצא לאור: New York, NY : McGraw-Hill Education, c2019
מהדורה:Twelfth edition.
נושאים:
Classic Catalogue: View this record in Classic Catalogue
LEADER 03275nam a22004457a 4500
001 34088
003 BD-DhAAL
005 20240930170105.0
008 190101t2019 nyua|||| |||| 001 0 eng d
020 |a 9781260092332 
040 |a BD-DhAAL 
082 |a 650  |2 22 
100 |a Nickels, William G.  |9 29184 
245 |a Understanding business /  |c William G. Nickels, James M. McHugh, Susan M. McHugh. 
250 |a Twelfth edition. 
260 |a New York, NY :  |b McGraw-Hill Education,  |c c2019 
300 |a xxix, 690 pages :  |b color illustrations, color photographs ;  |c 28 cm. 
500 |a Includes indexes. 
505 |a Business trends -- Business ownership -- Business management -- Management of human resources -- Marketing -- Managing financial resources -- Bonus chapters. 
526 |a BBS 
541 |a Trim Education  |e 34088, 34089, 34090, 34091, 37155, 37252, 37253, 37254, 37255, 37256 
650 |a Industrial management.  |9 29185 
650 |a Business.  |9 29186 
650 |a Business  |x Vocational guidance.  |9 29187 
650 |a Business & finance.  |9 43283 
700 |a McHugh, James M.  |9 29188 
700 |a McHugh, Susan M.  |9 29189 
852 |a Ayesha Abed Library  |c General Stacks 
942 |2 ddc  |c BK 
999 |c 40342  |d 40342 
952 |0 0  |1 0  |2 ddc  |4 0  |6 650_000000000000000_NIC  |7 0  |9 64751  |a BRACUL  |b BRACUL  |c GEN  |d 2018-12-06  |e Trim Education  |g 4531.00  |l 24  |m 152  |o 650 NIC  |p 3010034091  |r 2026-05-21  |s 2026-02-18  |t 8  |v 4531.00  |w 2018-12-06  |y BK 
952 |0 0  |1 0  |2 ddc  |4 0  |6 650_000000000000000_NIC  |7 0  |9 64752  |a BRACUL  |b BRACUL  |c GEN  |d 2018-12-06  |e Trim Education  |g 4531.00  |l 26  |m 86  |o 650 NIC  |p 3010034090  |r 2026-01-11  |s 2026-01-05  |t 4  |v 4531.00  |w 2018-12-06  |y BK 
952 |0 0  |1 0  |2 ddc  |4 0  |6 650_000000000000000_NIC  |7 0  |9 64753  |a BRACUL  |b BRACUL  |c GEN  |d 2018-12-06  |e Trim Education  |g 4531.00  |l 26  |m 136  |o 650 NIC  |p 3010034089  |r 2026-03-31  |s 2026-03-30  |t 5  |v 4531.00  |w 2018-12-06  |y BK 
952 |0 0  |1 0  |2 ddc  |4 0  |6 650_000000000000000_NIC  |7 0  |9 64754  |a BRACUL  |b BRACUL  |c GEN  |d 2018-12-06  |e Trim Education  |g 4531.00  |l 24  |m 172  |o 650 NIC  |p 3010034088  |q 2026-06-02  |r 2026-02-17  |s 2026-02-17  |t 6  |v 4531.00  |w 2018-12-06  |y BK 
952 |0 0  |1 0  |2 ddc  |4 0  |6 650_000000000000000_NIC  |7 0  |9 68047  |a BRACUL  |b BRACUL  |c GEN  |d 2020-02-27  |e Trim Education  |g 4790.00  |l 18  |m 104  |o 650 NIC  |p 3010037155  |r 2026-02-02  |s 2025-10-13  |t 10  |v 4790.00  |w 2020-02-27  |y BK 
952 |0 0  |1 0  |2 ddc  |4 0  |6 650_000000000000000_NIC  |7 0  |9 68218  |a BRACUL  |b BRACUL  |d 2020-03-16  |e Trim Education  |g 4790.00  |l 15  |m 26  |o 650 NIC  |p 3010037255  |r 2025-11-23  |s 2025-11-18  |t 7  |v 4790.00  |w 2020-03-16  |y BK 
952 |0 0  |1 0  |2 ddc  |4 0  |6 650_000000000000000_NIC  |7 0  |9 68219  |a BRACUL  |b BRACUL  |c GEN  |d 2020-03-16  |e Trim Education  |g 4790.00  |l 14  |m 42  |o 650 NIC  |p 3010037252  |r 2025-08-03  |s 2025-07-03  |t 1  |v 4790.00  |w 2020-03-16  |y BK 
952 |0 0  |1 0  |2 ddc  |4 0  |6 650_000000000000000_NIC  |7 0  |9 68220  |a BRACUL  |b BRACUL  |c GEN  |d 2020-03-16  |e Trim Education  |g 4790.00  |l 15  |m 46  |o 650 NIC  |p 3010037254  |r 2025-07-27  |s 2025-07-05  |t 3  |v 4790.00  |w 2020-03-16  |y BK 
952 |0 0  |1 0  |2 ddc  |4 0  |6 650_000000000000000_NIC  |7 0  |9 68221  |a BRACUL  |b BRACUL  |c GEN  |d 2020-03-16  |e Trim Education  |g 4790.00  |l 9  |m 90  |o 650 NIC  |p 3010037256  |r 2026-01-17  |s 2025-05-12  |t 9  |v 4790.00  |w 2020-03-16  |y BK 
952 |0 0  |1 0  |2 ddc  |4 0  |6 650_000000000000000_NIC  |7 0  |9 68222  |a BRACUL  |b BRACUL  |c GEN  |d 2020-03-16  |e Trim Education  |g 4790.00  |l 17  |m 32  |o 650 NIC  |p 3010037253  |r 2026-05-14  |s 2026-05-13  |t 2  |v 4790.00  |w 2020-03-16  |y BK